LEADER 00878nam0-22003011i-450- 001 990000073120403321 005 20080211140641.0 035 $a000007312 035 $aFED01000007312 035 $a(Aleph)000007312FED01 035 $a000007312 100 $a20020821d--------km-y0itay50------ba 101 0 $aita 105 $ay-------001yy 200 1 $aFernoptik$etheoterische und praktische Ausfuhrungen ber Fernrohre und militarische Instrumente$fChr. von Hofe. 210 $aLeipzig$cJ. A. Barth$d1941 215 $aVII, 275 p.$cill.$d21 cm 610 0 $aStrumenti ottici 610 0 $aOttica 676 $a681.4 700 1$aHofe,$bChristian Hermann : von$f<1871- >$0332396 801 0$aIT$bUNINA$gRICA$2UNIMARC 901 $aBK 912 $a990000073120403321 952 $a23 18 A 30$b18356$fFINAG 959 $aFINAG 996 $aFernoptik$9110797 997 $aUNINA LEADER 01191nam a2200289 i 4500 001 991002308419707536 005 20020503163914.0 008 001103s1966 it ||| | ita 035 $ab10346041-39ule_inst 035 $aEXGIL101741$9ExL 040 $aBiblioteca Interfacoltà$bita 082 0 $a261.6 100 1 $aMeneghelli, Ruggero$0181474 245 10$aCristianesimo e storia :$briflessioni sul pensiero di S. Paolo, intorno ad alcuni fondamentali aspetti della vita sociale /$cRuggero Meneghelli 260 $aPadova :$bCEDAM,$c1966 300 $a179 p. ;$c25 cm. 490 0 $aPubblicazioni della Facoltà di giurisprudenza dell'Università di Padova ;$v46 650 4$aCristianesimo e vita sociale 650 4$aPaolo $xConcezione del matrimonio 650 4$aPaolo $xConcezione dell'uomo 650 4$aPaolo $xConcezione dello stato 907 $a.b10346041$b21-02-17$c27-06-02 912 $a991002308419707536 945 $aLE002 Fil. XII C 13$g1$i2002000538376$lle002$o-$pE0.00$q-$rl$s- $t0$u2$v1$w2$x0$y.i10406141$z27-06-02 996 $aCristianesimo e storia$9205042 997 $aUNISALENTO 998 $ale002$b01-01-00$cm$da $e-$fita$git $h0$i1